00658nam a2200193Ia 4500952013100000999001700131003000400148005001700152008004100169020001800210040000900228082001800237100002400255245007600279260003800355300000900393650002000402942004200422 00102ddc40708ISLAMaMESbMEScISLd2019-02-20g115.00l0o297.14 AUD/Sp38727r2019-02-20 00:00:00w2019-02-20yBKzGL46R1 c23378d23378OSt20200206112712.0190216s9999||||xx |||||||||||||| ||und|| a9789351378846 coclc a297.14bAUD/S a Auda, Jasser91720 0aSareeath Bharanam Pourasamooham Punarvaayanakk Oramukham /cJasser Auda bVicharam Books,c2014.aThrissur: a125p aIslamic History cBK2ddch297.14iAUD/Sk297.14mAUD/S